Statistics for Missing Words #2 - Geography

Click here to take the quiz!

General Stats

  • This quiz has been taken 221 times
  • The average score is 13 of 20

Answer Stats

Name% Correct
{New} Delhi
100%
Democratic Republic of the {Congo}
97%
{Taj} Mahal
96%
{Abu} Dhabi
95%
{Machu} Picchu
95%
Panama {City}
92%
{Isle} of Man
89%
Federated States of {Micronesia}
86%
São Tomé and {Príncipe}
86%
{Phnom} Penh
81%
Newfoundland and {Labrador}
68%
{American} Samoa
66%
{Gulf} of Aden
65%
{Sierra} Nevada
65%
Las Palmas de Gran {Canaria}
49%
{Baja} California Sur
40%
Jammu and {Kashmir}
20%
{Nagorno}-Karabakh
17%
Nation of Brunei, Abode of {Peace}
13%
{Kosovo} and Metohija
7%

Score Distribution

Percentile by Number Answered

Percent of People with Each Score

Your Score History

You have not taken this quiz